000 00648nam a2200253Ia 4500
003 OSt
005 20221005125715.0
006 a|||||r|||| 00| 0
007 ta
008 221004b |||||||| |||| 00| 0 mal d
024 _a62415
037 _cTextual
040 _aCRL
_cCRL
_bmal
041 _2mal
_amal
082 _aO32,6M88x, J8.2
100 _aMattam C. K. Au.
_9637018
245 0 _aPoovum kayum
260 _c1952
490 _vVol. 2
650 _a MALAYALAM PROSE
_9187524
650 _aMALAYALAM LITERATURE
_938866
942 _hO32,6M88x, J8.2
_cTEXL
_2cc
999 _c1054830
_d1054830